Filosofía jurídica (Record no. 137560)

MARC details
000 -LEADER
fixed length control field 00703cam a2200205 4500
005 - DATE AND TIME OF LATEST TRANSACTION
control field 20260528095340.0
008 - FIXED-LENGTH DATA ELEMENTS--GENERAL INFORMATION
fixed length control field s1946 ag spa
050 04 - LIBRARY OF CONGRESS CALL NUMBER
Classification number K230.L37
Item number F55 1946
100 1# - MAIN ENTRY--PERSONAL NAME
Personal name Lask, Emil,
Dates associated with a name 1875-1915
240 10 - UNIFORM TITLE
Uniform title Rechtsphilosophie.
Language of a work Español
245 10 - TITLE STATEMENT
Title Filosofía jurídica
Statement of responsibility, etc / Emil Lask ; prólogo Enrique Martínez Paz ; traducción Roberto Goldschmidt
250 ## - EDITION STATEMENT
Edition statement 1a ed.
260 ## - PUBLICATION, DISTRIBUTION, ETC. (IMPRINT)
Place of publication, distribution, etc Buenos Aires :
Name of publisher, distributor, etc Depalma,
Date of publication, distribution, etc 1946
300 ## - PHYSICAL DESCRIPTION
Extent xx; 101 p. ;
Dimensions 20 cm.
504 ## - BIBLIOGRAPHY, ETC. NOTE
Bibliography, etc Bibliografía : p. 95-101
650 #7 - SUBJECT ADDED ENTRY--TOPICAL TERM
Source of heading or term lemb
Topical term or geographic name as entry element Filosofía del derecho
700 1# - ADDED ENTRY--PERSONAL NAME
Personal name Martínez Paz, Enrique,
Relator term próloguista
700 1# - ADDED ENTRY--PERSONAL NAME
Personal name Goldschmidt, Roberto,
Relator term traductor
942 ## - ADDED ENTRY ELEMENTS (KOHA)
Source of classification or shelving scheme Biblioteca del Cogreso de los Estados Unidos
Koha item type Libro
Holdings
Estado de pérdida Fuente de clasificación Estado del daño No para préstamo Ubicación permanente Ubicación actual Apartado o colección Fecha de adquisición Edición Área del conocimiento Total Checkouts Clasificación Código de Barras Date last seen Número de copia Costo por reposición Tipo de recurso
  Biblioteca del Cogreso de los Estados Unidos     Biblioteca de la Facultad de Derecho y Ciencias Sociales "Felipe J. Tena" Biblioteca de la Facultad de Derecho y Ciencias Sociales "Felipe J. Tena" General 07/10/2021 1a ed. Ciencias Sociales y Administrativas   K230.L37 F55 1946 BFD000012556 07/10/2021 1 1.00 Libro